00675nam a2200241 a 4500001001300000003000900013005001700022008004100039020001200080082001300092100001900105245003100124260004100155300000900196500003500205505001000240650002300250700001900273902000800292942000700300952011100307999001500418nice12345678IN_TiNIC20260116012039.0050524s1957 lona grp 000 0 eng  ac48.7500a968bWAL aWalker, Eric A aHistory of Southern Africa aLondonbLongmans, Green and Coc1957 a973p aincludes index and biblioraphy2 aIndex aSouth Asia-History1 aWalker, Eric A bSRS cBK 001040708StackRoom-aHMIbHMId2007-05-30g48.75l0o968 WALp05788r2007-05-30v48.75w2005-05-24yBK c5416d5416